| 000 | 00507nam a2200169 i 4500 | ||
|---|---|---|---|
| 001 | 98082 | ||
| 003 | ES-MaACL | ||
| 005 | 20230906182220.0 | ||
| 007 | t| | ||
| 008 | 050721s1945 mx |||| |dspa d | ||
| 100 | 1 |
_aMárquez, Octaviano. _977014 |
|
| 245 | 1 | 0 |
_aTrinidad Sánchez Santos _b: periodista, orador y poeta guadalupano / _cOctaviano Márquez. |
| 260 |
_aMéxico : _bÁbside, _c1945. |
||
| 300 |
_a31 p. ; _c23 cm. |
||
| 600 | 1 | 4 |
_aSánchez Santos, Trinidad. _9169613 |
| 852 |
_aES-MaACL _j1883-F-4 |
||
| 999 |
_c98082 _d98082 |
||